000 00459nam a2200157 i 4500
001 88584
003 ES-MaACL
005 20230906175903.0
007 t|
008 050105s1958 sp ||||1| spa d
100 1 _aLámbarri Yanguas, Fernando.
_969801
245 1 0 _aAgua para el ejército /
_cFernando Lámbarri Yanguas.
260 _aMadrid :
_bCrumar,
_c1958 (
_fTip. Alcalde)
300 _a222 p. :
_bil. ;
_c24 cm.
852 _aES-MaACL
_jC-14180
_bR.42058
999 _c88584
_d88584